000 00526nam a2200181 a 4500
001 1770460530198
003 YourLibrary
005 20260207160834.0
008 260207s2008##################000#0#eng##
020 _a9783631573938
082 0 4 _a306.4
_bHEN
100 1 _aHenn, Alexander,
_eauthor.
245 1 0 _aRituals in an Unstable World :
260 _bPeter Lang Gmbh, Internationaler Verlag Der Wissenschaften,
_c2008.
650 0 _aRites and ceremonies.
942 _cENGLISH
040 _aYourLibrary
_beng
_cYourLibrary
999 _c611218
_d611218